|
|
|
|
| LEADER |
00000nam a22000007a 4500 |
| 005 |
20140521172541.0 |
| 007 |
cr|||| |||| |
| 008 |
140521c20139999be |||| s||||i0|||a1spa d |
| 035 |
|
|
|a 12144
|
| 040 |
|
|
|a vLex
|
| 090 |
|
|
|c 4930
|d 4930
|
| 245 |
0 |
0 |
|a Anuario Ibero-Americano de Derecho Internacional Penal
|h [Recurso electrn̤ico]
|
| 256 |
|
|
|a Servicio en ln̕ea
|
| 260 |
|
|
|a [s.l.]:
|b Instituto Iberoamericano de la Haya,
|c 2012 -
|
| 300 |
|
|
|a 1 recurso electrn̤ico
|
| 310 |
|
|
|a Anual
|
| 362 |
|
|
|a Nm︢. 1 (2012) -
|
| 506 |
1 |
|
|a Contenido solo disponible en los productos indicados
|d vLex Global
|d vLex Global (Academic Edition, excluding Law Schools)
|d vLex Global (U.S. Academic Edition, Law Schools)
|d vLex Global (U.S. Academic Edition, excluding Law Schools)
|d vLex Global (Academic Edition, Law Schools)
|
| 650 |
0 |
4 |
|a Derecho penal
|
| 740 |
0 |
|
|a vLex Revistas (Servicio en ln̕ea)
|
| 856 |
4 |
0 |
|u http://vlex.com/source/anuario-iberoamericano-derecho-internacional-penal-12144
|z Acceso restringido
|
| 942 |
|
|
|c REV
|
| 999 |
0 |
|
|a Criminal law
|